00898 a2200229 4500003000500000005001700005010001600022020002200038040000900060082001400069100002600083245006700109260012300176300003400299490004300333490005900376650005200435650004800487650005300535830003600588830004400624Nust20170207152515.0 a 95046526 a0819420239 (pbk.) cNust00a621.382751 aAlexander, Stephen B.10aOptical communication receiver design /cStephen B. Alexander. aBellingham, Wash., USA :bSPIE Optical Engineering Press ;aLondon, UK :bInstitution of Electrical Engineers,cc1997. axix, 314 p. :bill. ;c26 cm.1 aIEE telecommunications series ;vv. 371 aSPIE tutorial texts in optical engineering ;vv. TT 22 0aOptical communicationsxEquipment and supplies. 0aOptical detectorsxDesign and construction. 0aOptoelectronic devicesxDesign and construction. 0aIEE telecommunications series ; 0aTutorial texts in optical engineering ;